| 000 | 00365nam a22001457a 4500 | ||
|---|---|---|---|
| 020 | _a978-1-292-44936-4 | ||
| 082 | _a658.8 | ||
| 100 | _aKotler, Philip | ||
| 245 | _aPrinciples of Marketing | ||
| 250 | _a19th | ||
| 260 |
_aHarlow: _bPearson Education, _c2024 |
||
| 300 | _a768p.: ill.; 28cm | ||
| 700 | _aArmstrong, Gary & Balasubramanian, Sridhar | ||
| 942 | _cBK | ||
| 999 |
_c22139 _d22139 |
||